Bankowosc w okresie przemian systemowych wybrane zagadnienia

Gespeichert in:
Bibliographische Detailangaben
Weitere Verfasser: Przybylska-Kapuscinska, Wieslawa
Format: Buch
Sprache:Polnisch
Englisch
Veröffentlicht: Poznan Wydawnictwo Akademii Ekonomicznej w Poznaniu 1998
Schriftenreihe:Zeszyty naukowe. Seria 1 Zeszyt 262
Schlagworte:
Tags: Tag hinzufügen
Keine Tags, Fügen Sie das erste Tag hinzu!

MARC

LEADER 00000nam a2200000 4500
001 c109222
005 20221221084125.4
022 |a 0208-4902 
041 0 |a pol 
041 0 |a eng 
044 |a PL 
245 1 0 |a Bankowosc w okresie przemian systemowych  |b wybrane zagadnienia  |c Redaktor naukowy: Wieslawa Przybylska-Kapuscinska 
264 1 |a Poznan  |b Wydawnictwo Akademii Ekonomicznej w Poznaniu  |c 1998 
300 |a 178 s. 
490 1 |a Zeszyty naukowe. Seria 1  |v Zeszyt 262 
830 0 |a Zeszyty naukowe. Seria 1  |v Zeszyt 262 
610 2 0 |a bankovníctvo 
610 2 0 |a transformácia 
610 2 0 |a banky centrálne 
610 2 0 |a úver 
610 2 0 |a banky univerzálne 
610 2 0 |a depozity bankové 
610 2 0 |a politika peňažná 
610 2 0 |a hospodárstvo trhové 
610 2 0 |a kontroling 
610 2 0 |a riziko 
610 2 0 |a portfólio 
610 2 0 |a karty platobné 
610 2 0 |a kapitál 
610 2 0 |a Poľsko 
700 1 |a Przybylska-Kapuscinska, Wieslawa